[Event "Icelandic Team Championship 2019-21 - 2"]
[Site "Reykjavik"]
[Date "2021.05.16"]
[Round "7.4"]
[White "Baldvinsson, Loftur"]
[Black "Fridbertsson, Aegir"]
[Result "0-1"]
[WhiteElo "1933"]
[BlackElo "2087"]
[PlyCount "138"]
[EventDate "2019.10.04"]
[WhiteTeam "Skákdeild KR"]
[BlackTeam "Taflfélag Vestmannaeyja"]

1. e4 e6 2. d4 d5 3. Nc3 Bb4 4. Bd3 dxe4 5. Bxe4 Nf6 6. Bf3 O-O 7. Nge2 Nbd7 8.
O-O e5 9. Bg5 exd4 10. Qxd4 Be7 11. Rad1 c6 12. Ng3 Qa5 13. Bf4 Qb6 14. Nf5 Bd8
15. Bd6 Re8 16. Qf4 Nf8 17. Bxf8 Rxf8 18. b3 Qc5 19. Rxd8 Rxd8 20. Nxg7 Kxg7
21. Qxf6+ Kxf6 22. Ne4+ Ke7 23. Nxc5 Rd2 24. Re1+ Kd8 25. Be4 Rd6 26. Bxh7 b6
27. Ne4 Rh6 28. Ng5 Be6 29. Bf5 Ke7 30. Bxe6 fxe6 31. Rd1 Rg6 32. Nf3 Rgg8 33.
Ne5 c5 34. f4 Kf6 35. Rd7 Kf5 36. Nd3 Rgd8 37. Rg7 Ke4 38. Kf2 Kd4 39. Rg3 Rf8
40. Ke2 Rg8 41. Rg5 Kc3 42. Ne1 Raf8 43. Ke3 Rh8 44. h3 Rd8 45. Ke4 Kd2 46.
Nf3+ Kxc2 47. Rg7 a5 48. Rb7 Rd6 49. Ne5 Rg8 50. Nc4 Rc6 51. Ke5 Kb1 52. Nxb6
Rxg2 53. Nc4 Re2+ 54. Kf6 e5+ 55. Kf5 e4 56. Re7 Kxa2 57. Rxe4 Rxe4 58. Kxe4
Rh6 59. Nxa5 Ka3 60. f5 Kb4 61. Nb7 Rb6 62. Nxc5 Kxc5 63. Ke5 Rxb3 64. Ke6 Re3+
65. Kf7 Rxh3 66. f6 Kd6 67. Ke8 Re3+ 68. Kf7 Rf3 69. Kg7 Ke6 0-1

[Event "Icelandic Team Championship 2019-21 - 2"]
[Site "Reykjavik"]
[Date "2021.05.16"]
[Round "7.4"]
[White "Jonsson, Olafur Gisli"]
[Black "Andrason, Pall Snaedal"]
[Result "0-1"]
[WhiteElo "1812"]
[BlackElo "1860"]
[PlyCount "66"]
[EventDate "2019.10.04"]
[WhiteTeam "Skákdeild KR"]
[BlackTeam "Taflfélag Vestmannaeyja"]

1. d4 Nf6 2. Nf3 d5 3. c4 c6 4. e3 Bf5 5. Nc3 e6 6. Be2 Bd6 7. Nh4 Bg6 8. Nxg6
hxg6 9. h3 Nbd7 10. Qb3 Rb8 11. Bd2 Qe7 12. O-O-O dxc4 13. Bxc4 b5 14. Bd3 a5
15. e4 e5 16. f4 exd4 17. Nxb5 cxb5 18. e5 a4 19. exd6 axb3 20. dxe7 bxa2 21.
Kc2 Rc8+ 22. Kb3 Nc5+ 23. Kc2 Nce4+ 24. Kb3 Nf2 25. Bxb5+ Nd7 26. Rc1 Rb8 27.
Bb4 Rh5 28. Ba4 a1=Q 29. Rxa1 Nd3 30. Bxd7+ Kxd7 31. Ra7+ Ke8 32. Rd1 Nxb4 33.
Kc4 Rhb5 0-1